• 首页
  • 本馆介绍
  • 公告通知
  • 最新文献
  • 馆藏检索
  • 电子资源
  • 读者导购
  • 参考咨询
  • 我的图书馆
  • 登录
  • 详细信息显示
  • 放入我的书架
  • 预约/预借图书
  • 作者相关作品
  • 分类相关作品
  • 丛书相关作品
  • 出版社相关作品

书目信息

  • 表格格式
  • 工作单格式
  • 卡片格式
题名:
水下垂直发射航行体空泡流
    
 
作者: 唐一华 编著
分册:  
出版信息: 北京   中国宇航出版社  2017
页数: 16,167页
开本: 26cm
丛书名: 中国航天技术进展丛书
单 册:
中图分类: TJ6
科图分类:
主题词: 水下发射--垂直发射--水中武器--空泡流
电子资源:
ISBN: 978-7-5159-1405-3
000 01037oam2 2200253 450
001 2245994909
005 20220930124648.28
010    @a978-7-5159-1405-3@b精装@dCNY98.00
100    @a20180913d2017 em y0chiy50 ea
101 0  @achi
102    @aCN@b110000
105    @aa z 000yy
200 1  @a水下垂直发射航行体空泡流@9shui xia chui zhi fa she hang xing ti kong pao liu@f唐一华[等]编著
210    @a北京@c中国宇航出版社@d2017
215    @a16,167页@c图@d26cm
225 2  @a中国航天技术进展丛书
300    @a国家出版基金项目
330    @a本书针对水下垂直发射航行体,研究了航行体水下运动过程中的空泡初生、发展、溃灭等各种多相流现象,阐述了在理论分析和仿真计算中所采用的空泡流控制方程与数学模型,对目前广泛采用的多种湍流模型和空化模型进行了总结与比较,并对空泡流数值模拟中的界面捕捉技术、动网格技术等方法进行了描述。
461  0 @12001 @a中国航天技术进展丛书
606 0  @a水下发射@x垂直发射@x水中武器@x空泡流
690    @aTJ6@v5
701  0 @a唐一华@9tang yi hua@4编著
801  0 @aCN@b91MARC@c20180913
905    @aZUCC@dTJ6@e2
    
    水下垂直发射航行体空泡流/唐一华[等]编著.-北京:中国宇航出版社,2017
    16,167页:图;26cm.-(中国航天技术进展丛书)
    国家出版基金项目
    
    ISBN 978-7-5159-1405-3(精装):CNY98.00
    本书针对水下垂直发射航行体,研究了航行体水下运动过程中的空泡初生、发展、溃灭等各种多相流现象,阐述了在理论分析和仿真计算中所采用的空泡流控制方程与数学模型,对目前广泛采用的多种湍流模型和空化模型进行了总结与比较,并对空泡流数值模拟中的界面捕捉技术、动网格技术等方法进行了描述。
●
相关链接 在五车中查询图书 在当当中查询图书 在豆瓣中查询图书


正题名:水下垂直发射航行体空泡流     索取号:TJ6/2         预约/预借

序号 登录号 条形码 馆藏地/架位号 状态 备注
1 2000908300   2000908300   第三书库/ [索取号:TJ6/2] 在馆    
2 2000908301   2000908301   第三书库/ [索取号:TJ6/2] 在馆    
3 2000908302   2000908302   第三书库/ [索取号:TJ6/2] 在馆    
山东省滨州职业学院图书馆 欢迎您!
大连网信软件有限公司© 版权所有